Spell the Marvel Character #27 - Statistics

General Stats
  • This quiz has been taken 48 times
  • The average score is 8 of 9
Answer Stats
Picture Answer % Correct
Black Panther
100%
Daredevil
97%
Nightcrawler
97%
Okoye
95%
Rocket Raccoon
92%
Iron Lad
77%
Snowbird
72%
Spider-Man 2099
69%
Wonder Man
64%
No matching quizzes found
Score Distribution
Percent of People with Each Score
Percentile by Number Answered
Your Score History
You have not taken this quiz